Bankový marketing. 1 Banky sú viac ako prosté predajne peňazí
Otázky aplikácie marketingu v bankovej práci. Podmienky vytvárania predpokladov pre aplikáciu marketingu v bankovníctve. Špecifiká marketingu. Postoje k bankovému marketingu.
Salvato in:
| Autore principale: | |
|---|---|
| Natura: | Capitolo di libro |
| Lingua: | slovacco |
| Soggetti: | |
| Tags: |
Nessun Tag, puoi essere il primo ad aggiungerne!!
|
MARC
| LEADER | 00000naa a2200000 4500 | ||
|---|---|---|---|
| 001 | r017070 | ||
| 005 | 20221213100403.0 | ||
| 041 | 0 | |a slo | |
| 044 | |a SK | ||
| 245 | 1 | 0 | |a Bankový marketing. 1 |b Banky sú viac ako prosté predajne peňazí |c Jaroslav Kita |
| 520 | |a Otázky aplikácie marketingu v bankovej práci. Podmienky vytvárania predpokladov pre aplikáciu marketingu v bankovníctve. Špecifiká marketingu. Postoje k bankovému marketingu. | ||
| 610 | 2 | 0 | |a marketing |
| 610 | 2 | 0 | |a banky |
| 610 | 2 | 0 | |a bankovníctvo |
| 610 | 2 | 0 | |a služby bankové |
| 100 | 1 | |a Kita, Jaroslav | |